Oda a Jovellanos : (Record no. 197751)

MARC details
000 -LEADER
campo de control de longitud fija 03314njm a2200565 i 4500
001 - NÚMERO DE CONTROL
campo de control 197751
003 - IDENTIFICADOR DE NÚMERO DE CONTROL
campo de control ES-MaACL
005 - FECHA Y HORA DE LA ÚLTIMA TRANSACCIÓN
campo de control 20250903063115.0
007 - CAMPO FIJO DE DESCRIPCIÓN FÍSICA--INFORMACIÓN GENERAL
campo de control de longitud fija sd*fsngnnmmned
008 - DATOS DE LONGITUD FIJA--INFORMACIÓN GENERAL
campo de control de longitud fija 121121s2012 sp sgn d spa
015 ## - NÚMERO DE BIBLIOGRAFÍA NACIONAL
Número de bibliografía nacional SON12
017 ## - NÚMERO DE COPYRIGHT O DE DEPÓSITO LEGAL
Número de copyright o de depósito legal M 10673-2012
Agencia que asigna Oficina Depósito Legal Madrid
035 ## - NÚMERO DE CONTROL DEL SISTEMA
Número de control de sistema (OCoLC)828331859
035 ## - NÚMERO DE CONTROL DEL SISTEMA
Número de control de sistema (SpMaBN)a5285950
040 ## - FUENTE DE CATALOGACIÓN
Centro catalogador/agencia de origen SpMaBN
Lengua de catalogación spa
Centro/agencia transcriptor SpMaBN
Normas de descripción rdc
047 ## - CÓDIGO DE FORMA DE LA COMPOSICIÓN MUSICAL
Código de forma de la composición musical sg
-- ct
084 ## - OTRO NÚMERO DE CLASIFICACIÓN
Número de clasificación 3.1
Fuente del número MU
084 ## - OTRO NÚMERO DE CLASIFICACIÓN
Número de clasificación 3.2.1
Fuente del número MU
100 1# - ENTRADA PRINCIPAL--NOMBRE DE PERSONA
Nombre de persona Muñiz Salas, Jorge,
Fechas asociadas al nombre 1974-
9 (RLIN) 241330
245 10 - MENCIÓN DEL TÍTULO
Título Oda a Jovellanos :
Resto del título cantata /
Mención de responsabilidad, etc. música, Jorge Muñiz ; texto, Antonio Gamoneda ; textos sobre odas y canciones, María Sanhuesa Fonseca ; Óliver Díaz, dirección musical. Canciones de su tiempo / Blas de Laserna ... [et al.]
246 12 - FORMA VARIANTE DEL TITULO
Título propio/Titulo breve Canciones de su tiempo
260 ## - PUBLICACIÓN, DISTRIBUCIÓN, ETC.
Lugar de publicación, distribución, etc. [Madrid] :
Nombre del editor, distribuidor, etc. Andante Producciones Culturales,
Fecha de publicación, distribución, etc. D.L. 2012.
300 ## - DESCRIPCIÓN FÍSICA
Extensión 1 CD+DVD +
Material acompañante/anejo 1 libro (46 páginas : ilustrado a color)
336 ## - TIPO DE CONTENIDO
Término de tipo de contenido Música (interpretada)
Fuente isbdcontent
336 ## - TIPO DE CONTENIDO
Término de tipo de contenido Texto (visual)
Fuente isbdcontent
336 ## - TIPO DE CONTENIDO
Término de tipo de contenido Imagen (en movimiento ; bidimensional)
Fuente isbdcontent
337 ## - TIPO DE MEDIO
Nombre/término del tipo de medio audio
Fuente isbdmedia
337 ## - TIPO DE MEDIO
Nombre/término del tipo de medio sin mediación
Fuente isbdmedia
338 ## - TIPO DE SOPORTE
Fuente rdacarrier
Nombre/término del tipo de soporte volumen
500 ## - NOTA GENERAL
Nota general El libro contiene biografías del compositor y su obra, del escritor Gamoneda y de los intérpretes. El libro es un homenaje a Jovellanos en el bicentenario de su muerte. Contiene además la letra de la cantata y de las canciones
505 0# - NOTA DE CONTENIDO CON FORMATO
Nota de contenido con formato Oda a Jovellanos : cantata / Jorge Muñiz -- Canciones de su tiempo: El trípili trápala / Blas de Laserna. Iba un triste calesero-- / Pablo del Moral. Venid pajaritos ; La flor del Zurguén ; Parad avecillas / Manuel García. Las mujeres del día / José Rodríguez de León. Es el amor un ciego / Narciso Paz. El propósito inútil ; El sueño de mi amor ; Yo las falacias ; El pescador ; Cuando al campo salgo ; Delio a la ausencia de su amada Nise / Mariano Rodríguez de Ledesma
511 1# - NOTA DE PARTICIPANTES O INTÉRPRETES
Nota de participantes o intérpretes Joaquín Pixán, tenor ; Mario Bernardo, piano ; Pablo Menéndez, guitarra ; David Cervera, bajo ; Coro de la Fundación Príncipe de Asturias ; Orquesta Sinfónica del Principado de Asturias ; director, José Esteban Miranda
518 ## - NOTA DE FECHA/HORA Y LUGAR DE UN ACONTECIMIENTO
Nota de fecha/hora y lugar de un acontecimiento Grabado en el Auditorio Palacio de Congresos Príncipe Felipe de Oviedo entre junio y julio de 2011
600 #0 - PUNTO DE ACCESO ADICIONAL DE MATERIA--NOMBRE DE PERSONA
Nombre de persona Jovellanos, Gaspar Melchor de,
Fechas asociadas al nombre 1744-1811-
Subdivisión de forma Homenajes
Fuente del encabezamiento o término embne
9 (RLIN) 241331
650 #0 - PUNTO DE ACCESO ADICIONAL DE MATERIA--TÉRMINO DE MATERIA
Término de materia o nombre geográfico como elemento de entrada Canciones (Tenor) con orquesta
Fuente del encabezamiento o término embne
9 (RLIN) 241332
650 #0 - PUNTO DE ACCESO ADICIONAL DE MATERIA--TÉRMINO DE MATERIA
Término de materia o nombre geográfico como elemento de entrada Cantatas profanas para solista (Tenor) con piano y bajo continuo
Fuente del encabezamiento o término embne
9 (RLIN) 241333
650 #0 - PUNTO DE ACCESO ADICIONAL DE MATERIA--TÉRMINO DE MATERIA
Término de materia o nombre geográfico como elemento de entrada Coros profanos (Voces mixtas) con orquesta
Fuente del encabezamiento o término embne
9 (RLIN) 241334
700 1# - ENTRADA AGREGADA--NOMBRE PERSONAL
Nombre de persona Gamoneda, Antonio,
Fechas asociadas al nombre 1931-
9 (RLIN) 53807
700 1# - ENTRADA AGREGADA--NOMBRE PERSONAL
Nombre de persona Pixán, Joaquín,
Fechas asociadas al nombre 1950-
9 (RLIN) 241309
700 1# - ENTRADA AGREGADA--NOMBRE PERSONAL
Nombre de persona Díaz, Óliver,
Fechas asociadas al nombre 1972-
9 (RLIN) 241336
700 1# - ENTRADA AGREGADA--NOMBRE PERSONAL
Nombre de persona Esteban Miranda, José
9 (RLIN) 241337
700 1# - ENTRADA AGREGADA--NOMBRE PERSONAL
Nombre de persona Sanhuesa Fonseca, María
9 (RLIN) 241338
710 2# - ENTRADA AGREGADA--NOMBRE DE ENTIDAD CORPORATIVA
Nombre de entidad corporativa o nombre de jurisdicción como elemento de entrada Coro de la Fundación "Príncipe de Asturias"
9 (RLIN) 241339
710 2# - ENTRADA AGREGADA--NOMBRE DE ENTIDAD CORPORATIVA
Nombre de entidad corporativa o nombre de jurisdicción como elemento de entrada Orquesta Sinfónica del Principado de Asturias
9 (RLIN) 241340
852 ## - LOCALIZACIÓN
Ubicación ES-MaACL
Ubicación en estantería Depósito J
Número de control de estantería N-10610
Encuadernación Encuadernación cartoné
Donativo/Legado Donación: Editorial
itemnumber 206733
942 ## - ELEMENTOS DE ENTRADA SECUNDARIOS (KOHA)
Tipo de ítem Koha DVD
Suprimir en OPAC No
Holdings
Estatus retirado Estado de pérdida Fuente del sistema de clasificación o colocación Estado de daño No para préstamo Biblioteca de origen Biblioteca actual Ubicación en estantería Fecha de adquisición Fuente de adquisición Total de préstamos Signatura topográfica completa Código de barras Visto por última vez Precio de reemplazo Tipo de ítem Koha
    Clasificación decimal universal     Biblioteca del Ateneo de Madrid Biblioteca del Ateneo de Madrid Depósito J 30/08/2025 Donación   N-10610 2025-1109 30/08/2025 30/08/2025 DVD